<?xml version="1.0" encoding="UTF-8"?>
<record
    xmlns:xsi="http://www.w3.org/2001/XMLSchema-instance"
    xsi:schemaLocation="http://www.loc.gov/MARC21/slim http://www.loc.gov/standards/marcxml/schema/MARC21slim.xsd"
    xmlns="http://www.loc.gov/MARC21/slim">

  <leader>00287nam a22001217a 4500</leader>
  <datafield tag="040" ind1=" " ind2=" ">
    <subfield code="c">SY</subfield>
  </datafield>
  <datafield tag="082" ind1=" " ind2=" ">
    <subfield code="a">333</subfield>
  </datafield>
  <datafield tag="100" ind1=" " ind2=" ">
    <subfield code="a">&#x179F;&#x17CA;&#x17B8;&#x178A;&#x179F;&#x17C1;</subfield>
  </datafield>
  <datafield tag="245" ind1=" " ind2=" ">
    <subfield code="a">&#x1780;&#x179F;&#x17B7;&#x1780;&#x1798;&#x17D2;&#x1798;&#x178F;&#x17C6;&#x1794;&#x1793;&#x17CB;&#x1781;&#x17D2;&#x1796;&#x1784;&#x17CB;&#x179A;&#x17B6;&#x1794;</subfield>
  </datafield>
  <datafield tag="260" ind1=" " ind2=" ">
    <subfield code="a">NA</subfield>
    <subfield code="b">&#x179F;&#x17CA;&#x17B8;&#x178A;&#x179F;&#x17C1;</subfield>
    <subfield code="c">NA</subfield>
  </datafield>
  <datafield tag="300" ind1=" " ind2=" ">
    <subfield code="a">77p.</subfield>
  </datafield>
  <datafield tag="942" ind1=" " ind2=" ">
    <subfield code="c">KB</subfield>
  </datafield>
  <datafield tag="999" ind1=" " ind2=" ">
    <subfield code="c">9792</subfield>
    <subfield code="d">9792</subfield>
  </datafield>
  <datafield tag="952" ind1=" " ind2=" ">
    <subfield code="0">0</subfield>
    <subfield code="1">0</subfield>
    <subfield code="4">0</subfield>
    <subfield code="6">333_000000000000000_&#x179F;&#x17B8;&#x178A;&#x179F;&#x17C1;_NA_C068</subfield>
    <subfield code="7">0</subfield>
    <subfield code="9">51968</subfield>
    <subfield code="a">LBC</subfield>
    <subfield code="b">LBC</subfield>
    <subfield code="c">C068</subfield>
    <subfield code="d">2016-09-12</subfield>
    <subfield code="o">333 &#x179F;&#x17CA;&#x17B8;&#x178A;&#x179F;&#x17C1; NA C068</subfield>
    <subfield code="p">RUA41593</subfield>
    <subfield code="r">2016-09-12</subfield>
    <subfield code="y">KB</subfield>
  </datafield>
  <datafield tag="952" ind1=" " ind2=" ">
    <subfield code="0">0</subfield>
    <subfield code="1">0</subfield>
    <subfield code="4">0</subfield>
    <subfield code="6">333_000000000000000_&#x179F;&#x17B8;&#x178A;&#x179F;&#x17C1;_NA_C068</subfield>
    <subfield code="7">0</subfield>
    <subfield code="9">51969</subfield>
    <subfield code="a">LBC</subfield>
    <subfield code="b">LBC</subfield>
    <subfield code="c">C068</subfield>
    <subfield code="d">2016-09-12</subfield>
    <subfield code="o">333 &#x179F;&#x17CA;&#x17B8;&#x178A;&#x179F;&#x17C1; NA C068</subfield>
    <subfield code="p">RUA042985</subfield>
    <subfield code="r">2016-09-12</subfield>
    <subfield code="y">KB</subfield>
  </datafield>
</record>
